| 000 | 00956nam a22003134a 4500 | ||
|---|---|---|---|
| 001 | 84647 | ||
| 005 | 20230410115639.0 | ||
| 008 | 070912s2007 po b 000 0 por | ||
| 010 | _a 2007472077 | ||
| 035 | _a(OCoLC)ocn298112135 | ||
| 040 |
_aDLC _cDLC |
||
| 020 | _a9789726711957 | ||
| 020 | _a9726711959 | ||
| 035 | _a(OCoLC)298112135 | ||
| 043 | _ae-po--- | ||
| 050 | 1 | 4 |
_aHF1359 _bM984n 2007 |
| 100 | 1 | _aMurteira, Mario. | |
| 245 | 1 | 2 |
_aA nova economia do trabalho : _bensaio sobre emprego e conhecimento no mercado global / _cMario Murteira. |
| 260 |
_aLisboa : _bImprensa de Ciãencias Sociais, _c2007. |
||
| 300 |
_a147 p. ; _c23 cm. |
||
| 504 | _aIncludes bibliographical references. | ||
| 650 | 0 |
_aGlobalization _xEconomic aspects. |
|
| 650 | 0 |
_aGlobalization _xEconomic aspects _zPortugal. |
|
| 650 | 0 | _aInternational economic relations. | |
| 650 | 0 | _aWorking class. | |
| 942 |
_2lcc _cbk |
||
| 994 |
_aC0 _bDRFGD |
||
| 946 | _ash | ||
| 999 |
_c45292 _d45292 |
||